| 000 | 00505ntaaa2200193 4500 | ||
|---|---|---|---|
| 003 | 01 | ||
| 005 | 20251027202756.0 | ||
| 008 | 0714s1973 ag 01 | ||
| 040 |
_aAR-BaBN _bspa _cAR-BaBN _eaacr _dRIC |
||
| 082 | _a810.0000 B56 | ||
| 100 |
_aBlair, Walter _927948 |
||
| 245 | _aThe college anthology | ||
| 250 | _a1 ed. | ||
| 260 |
_aChicago : _bScott, Foresman and Company, _cc1955 |
||
| 300 | _axxx, 832 p | ||
| 500 | _aAntologĂa de literatura | ||
| 650 |
_aliteratura-antologĂa _927949 |
||
| 942 | _cBK | ||
| 999 |
_c23058 _d23058 |
||